Logo Biblioteca

Look Wide 2 / (Registro nro. 694)

Detalles MARC
000 -LEADER
fixed length control field 00878nam a2200265 a 4500
001 - CONTROL NUMBER
control field 001553887
003 - CONTROL NUMBER IDENTIFIER
control field AR-RoUNCS
005 - DATE AND TIME OF LATEST TRANSACTION
control field 20251107103055.0
008 - FIXED-LENGTH DATA ELEMENTS--GENERAL INFORMATION
fixed length control field 220523s2018 ag ao gr 001 0 eng |
020 ## - INTERNATIONAL STANDARD BOOK NUMBER
International Standard Book Number 978-987-615-439-0
040 ## - CATALOGING SOURCE
Original cataloging agency AR-BaBN
Language of cataloging spa
Transcribing agency AR-BaBN
Description conventions aacr
080 1# - UNIVERSAL DECIMAL CLASSIFICATION NUMBER
Universal Decimal Classification number 811.111(07)
245 00 - TITLE STATEMENT
Title Look Wide 2 /
Statement of responsibility, etc. Bob Hastings ... [et al.].
250 ## - EDITION STATEMENT
Edition statement [1a ed.].
260 ## - PUBLICATION, DISTRIBUTION, ETC.
Place of publication, distribution, etc. Ciudad Autónoma de Buenos Aires :
Name of publisher, distributor, etc. Pearson Education,
Date of publication, distribution, etc. 2018.
300 ## - PHYSICAL DESCRIPTION
Extent 111 p. :
Other physical details il. col., fot. col. ;
Dimensions 30 cm.
490 0# - SERIES STATEMENT
Series statement Global Scale of English
500 ## - GENERAL NOTE
General note En tapa: «Interactive Digital Book Free».
500 ## - GENERAL NOTE
General note En portada: Student's book + workbook.
521 2# - TARGET AUDIENCE NOTE
Target audience note Destinado a estudiantes de nivel secundario.
650 #4 - SUBJECT ADDED ENTRY--TOPICAL TERM
Topical term or geographic name entry element INGLÉS
Form subdivision LIBROS DE TEXTO
General subdivision ENSEÑANZA SECUNDARIA
655 #4 - INDEX TERM--GENRE/FORM
Genre/form data or focus term LIBROS DE TEXTO
700 1# - ADDED ENTRY--PERSONAL NAME
Personal name Hastings, Bob
Relator term autor
942 ## - ADDED ENTRY ELEMENTS (KOHA)
Source of classification or shelving scheme Universal Decimal Classification
Koha item type Libro de préstamo a domicilio
Suppress in OPAC No
Existencias
Withdrawn status Lost status Source of classification or shelving scheme Damaged status Not for loan Collection Home library Current library Date acquired Source of acquisition Total checkouts Full call number Barcode Date last seen Price effective from Koha item type
    Universal Decimal Classification     Colección General Biblioteca Escuela de Ciencias Sociales Biblioteca Escuela de Ciencias Sociales 07/11/2025 Compra 2023   811.111(07) L863 000816 07/11/2025 07/11/2025 Obra General
Biblioteca de la Escuela Preuniversitaria en Ciencias Sociales y Humanísticas.
Riobamba 250 bis.
CP 2000 - Rosario - Santa Fe
E-Mail: biblioteca@esociales.unr.edu.ar